Statistics for 2022 FIFA World Cup Group G - Cameroon - Serbia

Click here to take the quiz!

General Stats

  • This quiz has been taken 46 times
  • The average score is 15 of 34

Answer Stats

Player% Correct
S. Milinković-Savić ¹
91%
V. Milinković-Savić
91%
Aleksandar Mitrović ¹
88%
Stefan Mitrović
88%
Dušan Tadić
76%
E. M. Choupo-Moting ¹
73%
Vincent Aboubakar ¹
64%
A.-F. Zambo Anguissa
61%
Filip Kostić
61%
Nikola Milenković
52%
Karl Toko Ekambi
48%
Saša Lukić
48%
Nemanja Radonjić
45%
Strahinja Pavlović ¹
45%
Bryan Mbeumo
42%
J.-C. Castelletto ¹
39%
Miloš Veljković
39%
Nemanja Maksimović
39%
Rigobert Song
39%
Andrija Živković
36%
Dragan Stojković
36%
Collins Fai
30%
Marko Grujić
30%
Srđan Babić
30%
Devis Epassy
24%
G.-K. Nkoudou
24%
Martin Hongla
24%
Nicolas Nkoulou
24%
Pierre Kunde
24%
Filip Đuričić
21%
Nouhou Tolo
21%
Samuel Gouet
21%
Christian Bassogog
18%
Gaël Ondoua
18%

Score Distribution

Percentile by Number Answered

Percent of People with Each Score

Your Score History

You have not taken this quiz